Statistics for Complete the Titles of Songs by Whitney Houston

Click here to take the quiz!

General Stats

  • This quiz has been taken 43 times
  • The average score is 14 of 15

Answer Stats

Answer% Correct
I Will Always Love {You}
100%
Saving All My Love For {You }
100%
Didn’t We Almost Have It {All}
97%
Greatest Love of {All}
97%
I Wanna Dance With Somebody (Who Loves {Me})
97%
One Moment In {Time}
97%
I’m Every {Woman}
95%
Where Do Broken Hearts {Go}
95%
How Will I {Know}
92%
All The Man That I {Need}
90%
My Love Is Your {Love}
87%
It’s Not Right But It’s {Okay}
85%
Love Will Save The {Day}
85%
I’m Your Baby {Tonight}
77%
So {Emotional}
64%

Score Distribution

Percentile by Number Answered

Percent of People with Each Score

Your Score History

You have not taken this quiz